000
00231nam a22000857a 4500
008
160920b xxu||||| |||| 00| 0 eng d
100
_9
680
_a
Singh.L.etal
245
_a
Chemistry Part 2-IX
260
_a
New Delhi
_b
S. Chand Publications
_c
2011
999
_c
3337
_d
3337